[Event "2013 Heroes Day Masters "]
[Site "Amaryllis Beach Hotel, Barbado"]
[Date "2013.04.27"]
[Round "2"]
[White "Matthews, Shane (JAM)"]
[Black "Amanov, Mesgen (TKM)"]
[Result "1/2-1/2"]
[WhiteElo "2206"]
[BlackElo "2510"]
[PlyCount "0"]
[EventDate "2013.??.??"]

1. e4 c5 2. Nf3 d6 3. d4 cxd4 4. Nxd4 Nf6 5. Nc3 a6 6. Bg5 Nbd7 7. Bc4 e6 8.
Qe2 h6 9. Bh4 g5 10. Bg3 Ne5 11. Bb3 Qc7 12. h4 Rg8 13. hxg5 hxg5 14. O-O-O Bd7
15. Kb1 O-O-O 16. Nf3 Be7 17. Rh6 Nfg4 18. Rh7 Rdf8 19. Nxe5 Nxe5 20. Qh5 Ng6
21. Qf3 Be8 22. Qe3 Rh8 23. Rxh8 Rxh8 24. Qd2 Ne5 25. Qd4 Bc6 26. a3 Rd8 27.
Rh1 Bf6 28. f3 Qe7 29. Qa7 Nd7 30. Na4 Bxa4 31. Bxa4 Nc5 32. Bb3 b5 33. Qxe7
Bxe7 34. Rh7 Nxb3 35. cxb3 Rf8 36. Kc2 Kd7 37. Be1 Bf6 38. Bc3 Ke7 39. Rh6 Rc8
40. Rxf6 Rxc3+ 41. bxc3 Kxf6 42. Kd3 Ke5 43. c4 bxc4+ 44. Kxc4 f5 45. exf5 d5+
46. Kd3 Kxf5 47. Kd4 Kf6 48. b4 Ke7 49. Ke5 Kd7 50. a4 Kc6 51. g4 a5 52. bxa5
Kc5 53. f4 d4 54. a6 d3 55. a7 d2 56. a8=Q d1=Q 57. Qa5+ Kc4 58. Qc7+ 1/2-1/2

[Event "2013 Heroes Day Masters "]
[Site "Amaryllis Beach Hotel, Barbado"]
[Date "2013.04.27"]
[Round "2"]
[White "Denny, Kevin (BAR)"]
[Black "Harper, Ryan (TRI)"]
[Result "1-0"]
[WhiteElo "2290"]
[BlackElo "2244"]
[PlyCount "0"]
[EventDate "2013.??.??"]

1. e4 e5 2. Nf3 Nc6 3. Bb5 a6 4. Ba4 Nf6 5. O-O b5 6. Bb3 Be7 7. d3 d6 8. a4
Rb8 9. axb5 axb5 10. h3 h6 11. Nc3 g5 12. Nd5 g4 13. hxg4 Bxg4 14. c3 Qd7 15.
Ne3 Rg8 16. Nxg4 Qxg4 17. Ne1 Qh4 18. Qf3 Nd8 19. Qf5 h5 20. Ra7 c6 21. f4 Qg3
22. d4 Rb7 23. Rxb7 Nxb7 24. fxe5 dxe5 25. Qxe5 Qxe5 26. Bxf7+ Kd8 27. dxe5
Bc5+ 28. Kh2 Ng4+ 29. Kh3 Rg7 30. Nd3 Nf2+ 31. Nxf2 Rxf7 32. Bg5+ Ke8 33. Bf6
Bxf2 34. Rxf2 Nc5 35. Rd2 Rc7 36. Rd4 Kf7 37. Kh4 Ne6 38. Rd3 Nc5 39. Re3 Ke6
40. Kxh5 Nxe4 41. Kg6 Nf2 42. Re2 Nd3 43. g3 c5 44. b3 c4 45. b4 Ra7 46. Kh6
Ra1 47. g4 Kf7 48. Kg5 Ke6 49. Re4 Rg1 50. Rd4 Re1 51. Rd6+ Kf7 52. Rd7+ Ke6
53. Rb7 Nf2 54. Rb6+ Kf7 55. Kf5 Ne4 56. e6+ 1-0

[Event "2013 Heroes Day Cup Masters"]
[Site "Amaryllis Beach Hotel, Barbado"]
[Date "2013.04.28"]
[Round "3.3"]
[White "Harper, Ryan (TRI)"]
[Black "Farley, Terry (BAR)"]
[Result "1-0"]
[WhiteElo "2244"]
[BlackElo "2251"]
[PlyCount "59"]
[EventDate "2013.04.27"]
[SourceDate "2013.04.28"]

1. e4 c5 2. Nf3 d6 3. d4 cxd4 4. Nxd4 Nf6 5. Nc3 a6 6. Be2 e5 7. Nb3 Be7 8. O-O
Be6 9. Re1 Nbd7 10. a4 O-O 11. Bf1 Qc7 12. a5 Qc6 13. Bg5 h6 14. Bh4 Rfe8 15.
Bg3 Rad8 16. Qf3 d5 17. exd5 Nxd5 18. Bxe5 Nxe5 19. Rxe5 Bf6 20. Nd4 Qd6 21.
Nxe6 fxe6 22. Re4 Nxc3 23. bxc3 Rc8 24. Bc4 Rc6 25. Rae1 Qa3 26. g3 Qxc3 27.
Qh5 Re7 28. Bxe6+ Kf8 29. Kg2 Rd6 30. Bd5 1-0

[Event "2013 Heroes Day Cup Masters"]
[Site "Amaryllis Beach Hotel, Barbado"]
[Date "2013.04.28"]
[Round "3.1"]
[White "Amanov, Mesgen (TKM)"]
[Black "Denny, Kevin (BAR)"]
[Result "1/2-1/2"]
[WhiteElo "2510"]
[BlackElo "2290"]
[PlyCount "68"]
[EventDate "2013.04.27"]
[SourceDate "2013.04.28"]

1. d4 Nf6 2. c4 g6 3. Nf3 Bg7 4. g3 O-O 5. Bg2 d6 6. O-O c6 7. Nc3 Qa5 8. e4
Nbd7 9. h3 e5 10. Be3 Nb6 11. Qd3 exd4 12. Nxd4 Qa6 13. b3 d5 14. exd5 Nfxd5
15. Bd2 Nxc3 16. Bxc3 Nd5 17. Bb2 Bd7 18. Rfd1 Nc7 19. Qd2 Rad8 20. Nf3 f6 21.
Qd6 Ne6 22. Qa3 Qxa3 23. Bxa3 Rfe8 24. Rd3 Bc8 25. Rad1 Rxd3 26. Rxd3 Bf8 27.
Bb2 Kf7 28. Bf1 Nc5 29. Rd2 Bf5 30. Nd4 Bc8 31. Kg2 Re1 32. g4 Ne6 33. Nxe6
Bxe6 34. Bd3 Bh6 1/2-1/2

[Event "2013 Heroes Day Cup Masters"]
[Site "Amaryllis Beach Hotel, Barbado"]
[Date "2013.04.28"]
[Round "3.2"]
[White "Warner, Delisle (BAR)"]
[Black "Matthews, Shane (JAM)"]
[Result "1/2-1/2"]
[WhiteElo "2204"]
[BlackElo "2206"]
[PlyCount "164"]
[EventDate "2013.04.27"]
[SourceDate "2013.04.28"]

1. d4 d5 2. c4 c6 3. Nf3 Nf6 4. Nc3 dxc4 5. a4 Bf5 6. e3 e6 7. Bxc4 Bb4 8. O-O
O-O 9. Qe2 Bg6 10. Ne5 Nbd7 11. Nxg6 hxg6 12. Rd1 Qe7 13. e4 e5 14. dxe5 Nxe5
15. Bb3 Rfe8 16. Bg5 Neg4 17. h3 Bxc3 18. bxc3 Qxe4 19. Qa2 Qe5 20. hxg4 Nxg4
21. Bxf7+ Kh7 22. g3 Qxg5 23. Bxe8 Rxe8 24. Kg2 Rf8 25. Rh1+ Nh6 26. Rae1 Qc5
27. Re3 a5 28. Qe6 b5 29. Qe5 Rf5 30. Qxc5 Rxc5 31. Ra1 Ng4 32. Re8 Rxc3 33.
axb5 cxb5 34. Rxa5 Rc2 35. Rf8 Rb2 36. Rf4 Nf6 37. Ra8 g5 38. Rd4 Kg6 39. Rb8
Kf5 40. Rb7 Kg6 41. Rd6 Kh5 42. Rd4 Ng4 43. Rf7 Kg6 44. Rf8 Nf6 45. g4 Kh6 46.
Rb8 Kg6 47. Rb7 Kh6 48. Rd6 Rb4 49. f3 Rb2+ 50. Kg3 Kg6 51. Rdb6 Rb3 52. Kg2
Rb2+ 53. Kh3 Rb3 54. Kg3 Rb1 55. Rxb5 Rxb5 56. Rxb5 Nh7 57. Rb6+ Nf6 58. Kf2
Kf7 59. Rb5 Kg6 60. Ke3 Kh6 61. Kd4 Kg6 62. Ke5 Nd7+ 63. Ke6 Nf8+ 64. Ke7 Nh7
65. Rb6+ Nf6 66. Ke6 Nh7 67. Ke5+ Nf6 68. Ra6 Kf7 69. Kf5 Nh7 70. Ra7+ Kg8 71.
Kg6 Nf8+ 72. Kxg5 Kh7 73. Re7 Ng6 74. Re8 Nh8 75. Rxh8+ Kxh8 76. Kg6 Kg8 77. f4
Kh8 78. f5 Kg8 79. g5 Kh8 80. f6 Kg8 81. Kf5 Kf7 82. g6+ Kg8 1/2-1/2

[Event "2013 Heroes Day Cup Masters"]
[Site "Amaryllis Beach Hotel, Barbado"]
[Date "2013.04.28"]
[Round "4.1"]
[White "Warner, Delisle (BAR)"]
[Black "Denny, Kevin (BAR)"]
[Result "1/2-1/2"]
[WhiteElo "2204"]
[BlackElo "2290"]
[PlyCount "94"]
[EventDate "2013.??.??"]

1. d4 Nf6 2. Nf3 g6 3. Bf4 Bg7 4. e3 d6 5. h3 O-O 6. Be2 c5 7. c3 Be6 8. a3 Qb6
9. b4 cxd4 10. cxd4 Ne4 11. O-O Rc8 12. Ng5 Nxg5 13. Bxg5 Nc6 14. Nd2 a6 15.
Rc1 h6 16. Bh4 Bd5 17. Bc4 Bxc4 18. Nxc4 Qb5 19. Qb3 d5 20. Nd2 e6 21. Rc5 Qe2
22. Nf3 b6 23. Re1 Qxe1+ 24. Nxe1 bxc5 25. dxc5 Ne5 26. Bg3 Nc4 27. Nd3 Rc6 28.
a4 Bf8 29. b5 axb5 30. axb5 Rxc5 31. Nxc5 Bxc5 32. h4 Ra3 33. Qb1 Ra4 34. b6
Bxb6 35. Qb5 Ra8 36. Qd7 Rd8 37. Qe7 Kg7 38. Bf4 Ra8 39. Qb7 Ra1+ 40. Kh2 Bd8
41. Qb8 Bf6 42. g4 g5 43. hxg5 hxg5 44. Bg3 Re1 45. Qc7 Re2 46. Kg1 Re1+ 47.
Kg2 Re2 1/2-1/2

[Event "2013 Heroes Day Cup Masters"]
[Site "Amaryllis Beach Hotel, Barbado"]
[Date "2013.04.28"]
[Round "4.2"]
[White "Harper, Ryan (TRI)"]
[Black "Amanov, Mesgen (TKM)"]
[Result "1/2-1/2"]
[WhiteElo "2244"]
[BlackElo "2510"]
[PlyCount "115"]
[EventDate "2013.??.??"]

1. e4 c5 2. Nf3 d6 3. d4 cxd4 4. Nxd4 Nf6 5. Nc3 a6 6. Be2 e6 7. a4 Qc7 8. O-O
b6 9. f4 Bb7 10. Bf3 Nbd7 11. Re1 Rd8 12. Nd5 exd5 13. exd5+ Be7 14. Nf5 Ng8
15. Qd4 Qc5 16. Qxc5 Nxc5 17. b4 Bc8 18. Nxe7 Nxe7 19. bxc5 bxc5 20. Rb1 f6 21.
Bd2 Kf7 22. Ba5 Rde8 23. Bc7 Nf5 24. c3 Rxe1+ 25. Rxe1 Re8 26. Rxe8 Kxe8 27.
Kf2 Kd7 28. Bb8 a5 29. Be2 Bb7 30. g4 Kc8 31. gxf5 Kxb8 32. c4 Bc8 33. Bd3 Bd7
34. Bc2 Be8 35. Bd1 Kc7 36. Kg3 Kd8 37. Kh4 Ke7 38. Bc2 Kf7 39. Kh5 Bd7 40. Kg4
g6 41. h4 Kg7 42. h5 Kh6 43. hxg6 hxg6 44. Kh4 gxf5 45. Bd1 Be8 46. Kg3 Bf7 47.
Kh4 Bg6 48. Kg3 Be8 49. Kh4 Bd7 50. Kg3 Bc8 51. Kh4 Ba6 52. Be2 Bb7 53. Bd3 Bc8
54. Be2 Bd7 55. Bd1 Be8 56. Kg3 Bh5 57. Bxh5 Kxh5 58. Kh3 1/2-1/2

[Event "2013 Heroes Day Cup Masters"]
[Site "Amaryllis Beach Hotel, Barbado"]
[Date "2013.04.29"]
[Round "5.1"]
[White "Denny, Kevin (BAR)"]
[Black "Farley, Terry (BAR)"]
[Result "1/2-1/2"]
[WhiteElo "2290"]
[BlackElo "2251"]
[PlyCount "120"]
[EventDate "2013.??.??"]

1. e4 c5 2. c3 d5 3. exd5 Qxd5 4. d4 e6 5. Nf3 Nf6 6. a3 Nc6 7. Be3 cxd4 8.
cxd4 Be7 9. Nc3 Qd6 10. Bd3 O-O 11. O-O b6 12. Qe2 Bb7 13. Rad1 Rac8 14. Rfe1
Rfe8 15. Bb1 Nd5 16. Bc1 Nxc3 17. bxc3 Na5 18. Ne5 g6 19. Ba2 Bf6 20. Bf4 Qe7
21. c4 Bg7 22. d5 Qc5 23. d6 Rcd8 24. Qd3 Nc6 25. Nf3 Rd7 26. Be3 Ne5 27. Nxe5
Qxe5 28. c5 bxc5 29. f4 Qh5 30. Qb5 Red8 31. Qxc5 Qg4 32. Qg5 Qxg5 33. fxg5
Rxd6 34. Rxd6 Rxd6 35. Rb1 Rd7 36. Bxa7 Bf8 37. Be3 Bxa3 38. Bc4 Be4 39. Rb8+
Kg7 40. Rb6 Bc1 41. Bxc1 Rd1+ 42. Kf2 Rxc1 43. Bf1 Rc5 44. Rb5 Rc2+ 45. Kg3 Bd5
46. Ra5 Rc1 47. Be2 Rg1 48. Bf3 Bxf3 49. Kxf3 Rh1 50. Kg3 Rd1 51. h4 h6 52. Ra7
hxg5 53. hxg5 Rf1 54. Ra8 Rf5 55. Kg4 Rf2 56. g3 e5 57. Ra5 Rf5 58. Ra8 Rf1 59.
Re8 Rf5 60. Ra8 Rf1 1/2-1/2

[Event "2013 Heroes Day Cup Masters"]
[Site "Amaryllis Beach Hotel, Barbado"]
[Date "2013.04.29"]
[Round "5.2"]
[White "Amanov, Mesgen (TKM)"]
[Black "Warner, Delisle (BAR)"]
[Result "1/2-1/2"]
[WhiteElo "2510"]
[BlackElo "2204"]
[PlyCount "101"]
[EventDate "2013.??.??"]

1. d4 Nf6 2. c4 e6 3. Nf3 Bb4+ 4. Nbd2 d5 5. e3 O-O 6. a3 Be7 7. Bd3 c5 8. dxc5
Bxc5 9. O-O a5 10. b3 Qe7 11. Bb2 b6 12. Qc2 Nbd7 13. cxd5 exd5 14. e4 h6 15.
exd5 Nxd5 16. Rfe1 Qd8 17. Ne4 Be7 18. Qc6 Nf4 19. Rad1 Nxd3 20. Rxd3 Ra7 21.
Qc3 f6 22. Ng3 Rc7 23. Qd2 Ba6 24. Nf5 Bc5 25. Rd5 Bb7 26. b4 axb4 27. axb4
Bxb4 28. Qxb4 Bxd5 29. Ne7+ Kh7 30. Nxd5 Rc5 31. Nf4 Re8 32. Ne6 Qc8 33. Nxc5
Qxc5 34. Qxc5 Rxe1+ 35. Nxe1 Nxc5 36. Bd4 Nd7 37. Kf1 Kg6 38. Ke2 Kf5 39. Kd3
h5 40. Nc2 g5 41. Ne3+ Ke6 42. Nc4 b5 43. Na3 b4 44. Nc2 h4 45. Nxb4 Nf8 46.
Be3 Ng6 47. Kd4 Ne5 48. h3 Kf5 49. Nd5 g4 50. hxg4+ Nxg4 51. Ne7+ {Ke5 Ke4}
1/2-1/2

[Event "2013 Heroes Day Cup Masters"]
[Site "Amaryllis Beach Hotel, Barbado"]
[Date "2013.04.29"]
[Round "5.3"]
[White "Matthews, Shane (JAM)"]
[Black "Harper, Ryan (TRI)"]
[Result "1-0"]
[WhiteElo "2206"]
[BlackElo "2241"]
[PlyCount "54"]
[EventDate "2013.??.??"]

1. e4 e5 2. Nf3 Nc6 3. Bb5 a6 4. Ba4 b5 5. Bb3 Nf6 6. d4 Nxe4 7. dxe5 Nc5 8.
Bd5 Ne6 9. O-O Be7 10. Nc3 Bb7 11. a4 b4 12. Ne4 O-O 13. Be3 d6 14. exd6 cxd6
15. Qd3 Qa5 16. Rad1 Rad8 17. Nfg5 Nxg5 18. Nxg5 g6 19. Qe4 Bxg5 20. Bxg5 Rde8
21. Qf4 Re5 22. Bf6 Rf5 23. Qxd6 Qxa4 24. Be4 Rh5 25. g4 Rh4 26. Bg2 Rh6 27.
Bg5 Qb5 1-0

[Event "2013 Heroes Day Cup Masters"]
[Site "Amaryllis Beach Hotel, Barbado"]
[Date "2013.04.29"]
[Round "6.1"]
[White "Denny, Kevin (BAR)"]
[Black "Matthews, Shane (JAM)"]
[Result "0-1"]
[WhiteElo "2290"]
[BlackElo "2206"]
[PlyCount "204"]
[EventDate "2013.??.??"]

1. e4 c5 2. c3 d6 3. d4 Nf6 4. Bd3 g6 5. dxc5 dxc5 6. e5 Nh5 7. Bb5+ Bd7 8. e6
fxe6 9. Qe2 Nc6 10. Nf3 Qb6 11. O-O Bg7 12. Na3 O-O 13. Ng5 Rf5 14. f4 Bd4+ 15.
Be3 Raf8 16. cxd4 cxd4 17. Bd2 d3+ 18. Qe3 Rxb5 19. Nxb5 Qxb5 20. Nxe6 Rf6 21.
Nd4 Qxb2 22. Nxc6 Bxc6 23. Qxd3 Nxf4 24. Qb3+ Qxb3 25. axb3 Ne2+ 26. Kh1 a6 27.
Bg5 Rxf1+ 28. Rxf1 Nd4 29. Bxe7 Nxb3 30. Bg5 h5 31. Rf6 Kg7 32. Re6 a5 33. Re7+
Kf8 34. Re6 Kf7 35. Re7+ Kf8 36. Re6 Kf7 37. Re7+ Kg8 38. Re3 a4 39. Be7 Kf7
40. Bb4 Nd4 41. Re7+ Kf6 42. Re1 Nc2 43. Bc3+ Kf5 44. Re5+ Kf4 45. Kg1 Ne3 46.
Re6 Nxg2 47. Rxg6 Nh4 48. Rf6+ Ke3 49. Kf1 Nf3 50. h3 Kd3 51. Bb4 Kc4 52. Bf8
Kb3 53. Rf5 a3 54. Bxa3 Kxa3 55. Rxh5 b5 56. Rc5 Nd4 57. Kf2 Kb4 58. Rc1 Be8
59. Ke3 Nb3 60. Rc8 Bd7 61. Rh8 Kc3 62. h4 b4 63. Rd8 Bf5 64. Kf4 Bd3 65. h5
Nd4 66. Rb8 b3 67. h6 b2 68. Kg5 b1=Q 69. Rxb1 Bxb1 70. Kf6 Kc4 71. Kg7 Ne6+
72. Kf7 Ng5+ 73. Kf6 Nh7+ 74. Ke5 Bc2 75. Ke6 Kd4 76. Kf7 Ke5 77. Kg7 Kf4 78.
Kh8 Kg5 79. Kg7 Bb1 80. Kg8 Kxh6 81. Kh8 Kg6 82. Kg8 Kf6 83. Kh8 Ng5 84. Kg8
Nf7 85. Kf8 Bh7 86. Ke8 Ne5 87. Kd8 Ke6 88. Kc7 Nd7 89. Kc6 Bd3 90. Kc7 Be4 91.
Kd8 Kd6 92. Kc8 Nc5 93. Kd8 Bg6 94. Kc8 Bf7 95. Kd8 Nb7+ 96. Kc8 Kc6 97. Kb8
Kb6 98. Ka8 Nc5 99. Kb8 Be6 100. Ka8 Bd7 101. Kb8 Na6+ 102. Ka8 Bc6# 0-1

[Event "2013 Heroes Day Cup Masters"]
[Site "Amaryllis Beach Hotel, Barbado"]
[Date "2013.04.29"]
[Round "6.2"]
[White "Farley, Terry (BAR)"]
[Black "Amanov, Mesgen (TKM)"]
[Result "0-1"]
[WhiteElo "2251"]
[BlackElo "2510"]
[PlyCount "55"]
[EventDate "2013.??.??"]

1. c4 e6 2. Nf3 Nf6 3. g3 d5 4. b3 c5 5. Bg2 d4 6. O-O Nc6 7. e3 e5 8. exd4
exd4 9. Re1+ Be7 10. d3 O-O 11. Na3 h6 12. Nc2 Bf5 13. a3 a5 14. Rb1 Qd7 15.
Bf4 Bd6 16. Bxd6 Qxd6 17. Qd2 Rfe8 18. h3 Nd7 19. Kh2 Nde5 20. Nxe5 Nxe5 21.
Bxb7 Nxd3 22. Rxe8+ Rxe8 23. Bg2 h5 24. Ra1 h4 25. Ne1 hxg3+ 26. fxg3 Re3 27.
Nf3 Bxh3 28. Kh1 0-1

[Event "2013 Heroes Day Cup Masters"]
[Site "Amaryllis Beach Hotel, Barbado"]
[Date "2013.04.29"]
[Round "6.3"]
[White "Harper, Ryan (TRI)_"]
[Black "Warner, Delisle (BAR)"]
[Result "0-1"]
[WhiteElo "2241"]
[BlackElo "2204"]
[PlyCount "105"]
[EventDate "2013.??.??"]
[SourceDate "2013.04.29"]

1. e4 e6 2. d4 d5 3. Nc3 Nf6 4. e5 Nfd7 5. f4 c5 6. Nf3 Nc6 7. Be3 cxd4 8. Nxd4
Qb6 9. Na4 Qa5+ 10. Nc3 Qb6 11. Qd2 Qxb2 12. Rb1 Qa3 13. Ncb5 Qxa2 14. Rd1 Rb8
15. Nc7+ Kd8 16. Ndxe6+ fxe6 17. Nxe6+ Ke7 18. Nc7 d4 19. e6 Kd8 20. Bxd4 Kxc7
21. exd7 Qe6+ 22. Be5+ Kd8 23. dxc8=Q+ Kxc8 24. c3 Bc5 25. Bc4 Qe7 26. Qe2 Nxe5
27. fxe5 Rf8 28. Rd5 Kc7 29. e6 Rbd8 30. Rxc5+ Qxc5 31. e7 Rde8 32. exf8=Q
Rxe2+ 33. Kxe2 Qxf8 34. Rf1 Qe7+ 35. Kd3 Qd6+ 36. Kc2 Qg6+ 37. Kb3 Qxg2 38. h4
Qg4 39. Rf7+ Kc6 40. Bd3 a5 41. Re7 a4+ 42. Kc2 Kd6 43. Re4 Qg2+ 44. Re2 Qd5
45. Re4 Qa2+ 46. Kc1 a3 47. Rb4 Qa1+ 48. Kd2 a2 49. Rd4+ Kc7 50. Rc4+ Kb8 51.
Rb4 Qg1 52. Be4 a1=Q 53. Bxb7 0-1

[Event "2013 Heroes Day Cup Masters"]
[Site "Amaryllis Beach Hotel, Barbado"]
[Date "2013.04.30"]
[Round "7.1"]
[White "Amanov, Mesgen (TKM)"]
[Black "Matthews, Shane (JAM)"]
[Result "1-0"]
[WhiteElo "2510"]
[BlackElo "2206"]
[PlyCount "59"]
[EventDate "2013.??.??"]

1. d4 d5 2. c4 c6 3. Nf3 Nf6 4. Nc3 e6 5. Bg5 h6 6. Bh4 dxc4 7. e4 g5 8. Bg3 b5
9. Be2 Nbd7 10. Qc2 Bb7 11. Rd1 Qb6 12. Ne5 Be7 13. Nxd7 Nxd7 14. d5 O-O-O 15.
O-O Bf6 16. dxe6 fxe6 17. b3 Qa5 18. e5 Bxe5 19. Bxe5 Nxe5 20. bxc4 bxc4 21.
Ne4 Kc7 22. Nf6 Ba6 23. Rxd8 Rxd8 24. Qh7+ Kc8 25. Qe7 Rd2 26. Qxe6+ Kc7 27.
Qe7+ Kc8 28. Ne4 Rxe2 29. Nd6+ Kb8 30. Rb1+ 1-0

[Event "2013 Heroes Day Cup Masters"]
[Site "Amaryllis Beach Hotel, Barbado"]
[Date "2013.04.30"]
[Round "7.2"]
[White "Harper, Ryan (TRI)"]
[Black "Denny, Kevin (BAR)"]
[Result "1-0"]
[WhiteElo "2244"]
[BlackElo "2290"]
[PlyCount "63"]
[EventDate "2013.??.??"]

1. e4 e5 2. Nf3 Nc6 3. Bc4 Nf6 4. Ng5 d5 5. exd5 Na5 6. Bb5+ c6 7. dxc6 bxc6 8.
Bd3 Nd5 9. Ne4 f5 10. Ng3 Bc5 11. O-O O-O 12. Be2 Qh4 13. c3 Bb6 14. d4 exd4
15. cxd4 Qxd4 16. Nd2 f4 17. Nge4 Bf5 18. Bf3 Ne3 19. fxe3 fxe3 20. Kh1 exd2
21. Nxd2 Rad8 22. Nb3 Qc4 23. Bd2 Bc2 24. Qe1 Rfe8 25. Qg3 Nxb3 26. axb3 Qxb3
27. Bc3 Bg6 28. Bxc6 Rf8 29. Rxf8+ Rxf8 30. Qe5 Rf7 31. Bd5 Qxd5 32. Qxd5 1-0

[Event "2013 Heroes Day Cup Masters"]
[Site "Amaryllis Beach Hotel, Barbado"]
[Date "2013.04.30"]
[Round "7.3"]
[White "Warner, Delisle (BAR)"]
[Black "Farley, Terry (BAR)"]
[Result "1-0"]
[WhiteElo "2204"]
[BlackElo "2251"]
[PlyCount "99"]
[EventDate "2013.04.30"]
[SourceDate "2013.04.30"]

1. d4 Nf6 2. c4 g6 3. Nc3 Bg7 4. e4 d6 5. f3 O-O 6. Be3 Nc6 7. Nge2 a6 8. Qd2
Rb8 9. h4 Re8 10. Ng3 h5 11. Rd1 e5 12. d5 Nd4 13. Nge2 c5 14. dxc6 bxc6 15.
Nxd4 exd4 16. Bxd4 d5 17. cxd5 cxd5 18. e5 Nd7 19. f4 f6 20. Ba7 Rb7 21. Qxd5+
Kh8 22. Bd4 fxe5 23. fxe5 Qe7 24. Bxa6 Nxe5 25. Qe4 Bf5 26. Qe3 Ng4 27. Bxg7+
Kxg7 28. Qxe7+ Rexe7+ 29. Be2 Rxb2 30. Rd2 Rb8 31. O-O Re3 32. Nd5 Ra3 33. Nf4
Ne3 34. Rc1 Rb7 35. Bf3 Rba7 36. Re2 Ng4 37. Bd5 Ne3 38. Bb3 Ng4 39. Rc5 Rd7
40. Nxh5+ Kh6 41. Ng3 Rxb3 42. Rxf5 gxf5 43. axb3 Rd1+ 44. Nf1 Rb1 45. g3 Rxb3
46. Re8 Rb1 47. Re2 f4 48. Re4 fxg3 49. Rxg4 Kh5 50. Ra4 1-0

[Event "2013 Heroes Day Cup Masters"]
[Site "Amaryllis Beach Hotel, Barbado"]
[Date "2013.04.30"]
[Round "8.1"]
[White "Denny, Kevin (BAR)"]
[Black "Amanov, Mesgen (TKM)"]
[Result "1-0"]
[WhiteElo "2290"]
[BlackElo "2510"]
[PlyCount "113"]
[EventDate "2013.??.??"]

1. e4 c5 2. c3 d6 3. d4 Nf6 4. Bd3 g6 5. Nf3 Bg7 6. dxc5 dxc5 7. e5 Ng4 8. Bb5+
Bd7 9. e6 fxe6 10. Ng5 Bxb5 11. Qxg4 Bd7 12. Nxh7 Kf7 13. Ng5+ Kg8 14. Qe4 Nc6
15. Nxe6 Bxe6 16. Qxe6+ Kh7 17. Qh3+ Kg8 18. Qe6+ Kh7 19. Nd2 Qd6 20. Qe4 Raf8
21. Nc4 Qf6 22. Be3 b5 23. Nd2 b4 24. O-O bxc3 25. bxc3 Ne5 26. Bxc5 Kg8 27.
Bd4 Qd6 28. h3 Rh5 29. Rad1 Rhf5 30. Nc4 Qc6 31. Qxc6 Nxc6 32. Bxg7 Kxg7 33.
Ne3 Rc5 34. c4 Ne5 35. Rd4 Ra5 36. Rd5 Nxc4 37. Rxa5 Nxa5 38. Rc1 e6 39. Rc7+
Rf7 40. Rxf7+ Kxf7 41. Kf1 Nc6 42. Ke2 Kf6 43. a3 Ke5 44. Kd3 g5 45. Kc4 Kd6
46. Ng4 a6 47. Nf6 Ne5+ 48. Kc3 Nf7 49. Kb4 Ke5 50. Ng4+ Kd4 51. Ka5 Kc4 52.
Kxa6 Nd6 53. Kb6 Kb3 54. Kc6 Nf5 55. Kd7 Nh4 56. Ne3 e5 57. Ke6 1-0

[Event "2013 Heroes Day Cup Masters"]
[Site "Amaryllis Beach Hotel, Barbado"]
[Date "2013.04.30"]
[Round "8.2"]
[White "Matthews, Shane (JAM)"]
[Black "Warner, Delisle (BAR)"]
[Result "0-1"]
[WhiteElo "2206"]
[BlackElo "2204"]
[PlyCount "84"]
[EventDate "2013.??.??"]

1. e4 e6 2. d4 d5 3. Nd2 c5 4. exd5 Qxd5 5. Ngf3 cxd4 6. Bc4 Qd6 7. Qe2 Nc6 8.
Nb3 Qb4+ 9. Bd2 Qb6 10. O-O-O Bd7 11. Bf4 Nf6 12. Nbxd4 Nxd4 13. Rxd4 Bc5 14.
Rd2 Bc6 15. Bxe6 O-O 16. Bf5 Qa5 17. c3 Qxa2 18. Bb1 Qa1 19. Qc4 Ne4 20. Re2
Nxf2 21. Ne5 Rac8 22. Rf1 Bxg2 23. Rfxf2 Bxf2 24. Qa2 Rxc3+ 25. bxc3 Qxc3+ 26.
Qc2 Qa3+ 27. Kd1 Rd8+ 28. Bd2 Qh3 29. Rxf2 Qxh2 30. Qf5 Qh1+ 31. Ke2 Bd5 32.
Bd3 Re8 33. Be3 Bb3 34. Bc2 Be6 35. Qe4 Qh5+ 36. Kd2 Rd8+ 37. Nd3 Qa5+ 38. Kc1
Qa1+ 39. Kd2 Qa5+ 40. Ke2 Qc3 41. Ne5 g6 42. Bg5 Rd4 0-1

[Event "2013 Heroes Day Cup Masters"]
[Site "Amaryllis Beach Hotel, Barbado"]
[Date "2013.04.30"]
[Round "8.3"]
[White "Farley, Terry (BAR)"]
[Black "Harper, Ryan (TRI)"]
[Result "0-1"]
[WhiteElo "2251"]
[BlackElo "2244"]
[PlyCount "100"]
[EventDate "2013.04.27"]
[SourceDate "2013.04.30"]

1. c4 e5 2. Nc3 Nf6 3. g3 Nc6 4. Bg2 Bc5 5. d3 d6 6. Nf3 a6 7. O-O O-O 8. Bg5
h6 9. Bxf6 Qxf6 10. Nd5 Qd8 11. Rb1 Ne7 12. Nd2 c6 13. Nxe7+ Qxe7 14. b4 Ba7
15. a4 Be6 16. Qb3 Rad8 17. b5 axb5 18. axb5 d5 19. bxc6 bxc6 20. Qa4 Qd7 21.
Rfc1 Ra8 22. Qc2 Rfc8 23. Rb3 f5 24. Rcb1 Rc7 25. Rc1 Rac8 26. Qb1 e4 27. c5
Qf7 28. Rb4 Rf8 29. e3 g5 30. Rc3 Qf6 31. Qc2 Rg7 32. Nb3 Bb8 33. Nd4 Be5 34.
dxe4 fxe4 35. Rcb3 Bd7 36. Qd2 Rgf7 37. Rb2 Qe7 38. Qc1 Ra8 39. Rb7 Qf6 40. Qd2
Ra4 41. R2b4 Ra5 42. Bf1 Rxc5 43. Rb2 h5 44. Ra2 Kg7 45. Raa7 Be8 46. Rxf7+
Bxf7 47. Qb2 Kg6 48. Qb4 Bxd4 49. exd4 Rc2 50. Qe1 Qxd4 0-1